[Event "CZE-chT 9798"]
[Site "Czech Republic"]
[Date "1998.04.04"]
[Round "10"]
[White "Haba, Petr"]
[Black "Shulman, Yuri"]
[Result "1/2-1/2"]
[WhiteElo "2580"]
[BlackElo "2480"]
[Annotator "Shulman,Y"]
[PlyCount "108"]
[EventDate "1997.11.15"]
[EventType "team-tourn"]
[EventRounds "11"]
[EventCountry "CZE"]
[SourceTitle "CBM 065"]
[Source "ChessBase"]
[SourceDate "1998.08.06"]
[SourceVersion "1"]
[SourceVersionDate "1998.08.06"]
[SourceQuality "1"]
[WhiteTeam "Zlin"]
[BlackTeam "Ostrava TJ Nova Hut"]
[WhiteTeamCountry "CZE"]
[BlackTeamCountry "CZE"]

1. d4 Nf6 2. c4 g6 3. Nc3 Bg7 4. e4 d6 5. f3 O-O 6. Be3 c5 7. Nge2 Nc6 8. d5
Ne5 9. Ng3 e6 10. Be2 exd5 11. cxd5 h5 12. O-O Nh7 13. Qd2 h4 14. Nh1 g5 $5 (
14... f5) 15. Nf2 Qf6 $5 $146 (15... Bd7 16. Kh1 (16. a4 $1 Qf6 17. Ra3 (17. f4
gxf4 18. Bxf4 Qg6 19. Nd3 h3 20. Bf3 Rae8 21. Rae1 Kh8 22. Kh1 Rg8 23. Nxe5
Bxe5 24. g3 Ng5 25. Bd1 Re7 26. Bxe5+ Rxe5 27. Rf4 Rge8 28. Ref1 Nxe4 29. Rh4+
Kg7 30. Nxe4 Rxe4 31. Bc2 Re1 32. Rxe1 Rxe1+ 33. Qxe1 Qxc2 34. Rf4 $4 (34. Qc3+
Qxc3 35. bxc3 a5 $16) 34... Qg2# {0-1 Fuhrmann,D-Buenermann,V/BL 97/98
Erfurt-Bochum [8] sp 98/4 1998}) 17... Rab8 18. a5 b5 $6 (18... Ng6 $5) (18...
Ng6 $5 {Glek,I}) (18... Ng6 $5) (18... Ng6 $5) (18... Ng6 $5) 19. axb6 axb6 20.
Ra6 $1 Rfc8 21. Nb5 Rb7 22. h3 {Bischoff,K-Glek,I/Linares 66/(56) 1996} (22. h3
Ng6 $13)) 16... Qf6 (16... a6 17. a4 Rb8) (16... Ng6 $5 17. g3 $13 (17. Rg1 Be5
)) 17. Rae1 Kh8 $1 $146 (17... Rab8 18. f4 gxf4 19. Bxf4 b5 (19... Qg6 20. Qd1
$1 f5 21. Bh5 Qf6 22. exf5 Bxf5 23. Bxe5 dxe5 24. Nfe4 $16) 20. Nd3 (20. Bxe5
Qxe5 21. Bg4 $13) 20... Nc4 (20... Qe7 21. Nxe5 Bxe5 22. Bxe5 Qxe5 23. Qh6 $1
$16) 21. Qc1 Qg6 (21... Nxb2 22. e5 $1 $36) (21... Qe7 22. Bh6 $1 $14 (22. b3
Ne5 $5 (22... Nb6 23. Bh6) 23. Nxe5 Bxe5 24. Bxe5 Qxe5 25. Nd1 $13)) 22. b3 Nb6
23. Bd2 {/\ Nf4} Nf6 $132 {Piket,Je-Glek,I/Nederland 67/97 1996 (36)}) (17...
Rae8 18. f4 $140 gxf4 19. Bxf4 Qd8) (17... Rab8 $6 {- 67/97}) 18. f4 gxf4 19.
Bxf4 Qg6 20. Nd3 Rae8 $1 $11 21. Nxe5 Bxe5 22. Bxe5+ Rxe5 23. Qf4 Rg8 (23... h3
$5) 24. Rf2 h3 25. g3 Ng5 (25... f5 26. Bd3 Qg5 $11) 26. Ref1 Rg7 (26... Kg7 $5
) (26... b5 $5) 27. Kg1 Kg8 $2 (27... b5 $1 $132) 28. Bg4 $1 $14 {Khenkin,
I-Glek,I/Porto San Giorgio 70/71 1997}) (15... a6) 16. Rac1 $6 (16. Kh1 $5)
16... Bd7 (16... Qg6 $5 17. a3 f5 18. exf5 Bxf5 19. b4 b6 $132) 17. b3 Qg6 18.
Nd3 f5 $15 19. f4 $6 (19. Nxe5 Bxe5 20. f4 gxf4 21. Bxf4 Bd4+ $36 22. Be3 $140
$2 Qg5 $1 23. Rf3 fxe4 24. Nxe4 Rxf3 $19) (19. exf5 Bxf5 20. Rcd1 Rae8 21. Nxe5
Bxe5 $36) 19... Nxd3 20. Bxd3 Bxc3 $5 21. Rxc3 fxe4 22. Bb1 Qf5 $6 (22... g4 $6
23. Qe1 $1) (22... Bb5 $1 23. Re1 Qf5 24. Bf2 Nf6 $1 25. fxg5 $140 $6 Ng4 26.
Rf3 Qe5 $19) 23. h3 Rae8 24. b4 b6 (24... Re5 25. Bc2 $1 c4 26. fxe5 Qxf1+ 27.
Kh2 g4 28. hxg4 Ng5 29. e6 $1) 25. Ra3 $44 Bb5 26. Rf2 gxf4 (26... g4 $5 27.
hxg4 Qxg4 28. Rxa7 Nf6 29. f5 Re5 30. Rf4 $140 Qg3 31. Bf2 e3 $19) 27. Rxf4 Qe5
28. Bxe4 Rxf4 (28... Ng5 29. Rxf8+ Rxf8 30. Bd3 $11) (28... Qa1+ 29. Qc1 (29.
Kh2 Rxf4 30. Bxh7+ Kxh7 31. Bxf4 Re2 {-28...Rf4} (31... Re1 32. Qc2+ Kh8 33.
Qc3+ Qxc3 34. Rxc3 $11)) 29... Qxc1+ 30. Bxc1 Nf6 31. Bb2 $1 Rxe4 (31... Nxe4
$4 32. Rg4+ Kh7 33. Rxa7+ $18) 32. Rxf6 Rxf6 33. Bxf6 Kf7 34. Rf3 Ke8 $15) 29.
Bxh7+ Kxh7 30. Bxf4 Qa1+ 31. Kh2 Re2 32. Qc1 $6 (32. Qc3 $5 Rxg2+ (32... Qxc3
33. Rxc3 Rxa2 34. Bxd6 Bf1 35. Kg1 Bxg2 36. Rc4 $11) 33. Kxg2 Qf1+ 34. Kh2
Qxf4+ 35. Kg1 Qf1+ 36. Kh2 Qf2+ 37. Kh1 a5 38. bxc5 $11 Bf1 $140 $2 39. Qf3)
32... Qxc1 33. Rxa7+ Kg6 $5 (33... Kg8 34. Bxc1 Bc4 35. Bh6 Bxd5 36. Rg7+ Kh8
37. bxc5 dxc5 $15) (33... Kh8 34. Bxc1 Bc4 35. Bg5 Bxd5 36. Bf6+ Kg8 37. Rg7+
Kf8 38. bxc5 dxc5 39. a4 $15) 34. Bxc1 cxb4 (34... Bc4 $1 35. Rd7 Kf5 36. Rxd6
(36. bxc5 Bxd5 37. Rxd6 Rxg2+ 38. Kh1 Be4 $19) 36... cxb4 37. Bh6 Rxa2 $17) 35.
Rb7 Bd3 36. Bf4 b5 $138 (36... Be4 $5 37. Kg1 Rxg2+ 38. Kf1 Rxa2 39. Rxb6 (39.
Bxd6 Bxd5 40. Rxb6 b3 $17) 39... Bxd5 40. Rxb4 (40. Rxd6+ $2 Kf5 41. Rxd5+ Kxf4
42. Rd4+ Kf3 $1 43. Rd3+ Ke4 44. Rb3 Ra4 $19) 40... Bg2+ 41. Kg1 d5 $15) 37.
Bxd6 Be4 38. Kg1 Rxg2+ 39. Kf1 Rxa2 40. Bxb4 Bxd5 41. Rb6+ $1 Kf7 42. Ke1 Bc4
43. Rh6 Ra4 44. Bd2 Be6 45. Bg5 b4 46. Rf6+ Ke7 47. Rf4+ Kd6 48. Bf6 Bxh3 49.
Rxh4 $11 Bd7 50. Kd1 Ke6 51. Bb2 Bc6 52. Kc1 Kd5 53. Bf6 Kd6 54. Bg7 Ke7
1/2-1/2

[Event "Tilburg"]
[Site "Tilburg"]
[Date "1994.??.??"]
[Round "2"]
[White "Dreev, Alexey"]
[Black "Damljanovic, Branko"]
[Result "1-0"]
[WhiteElo "2650"]
[BlackElo "2505"]
[Annotator "Stohl,I"]
[PlyCount "81"]
[EventDate "1994.09.??"]
[EventType "k.o."]
[EventRounds "7"]
[EventCountry "NED"]
[SourceTitle "CBM 044"]
[Source "ChessBase"]
[SourceDate "1995.02.01"]
[SourceVersion "1"]
[SourceVersionDate "1995.02.01"]
[SourceQuality "1"]

1. d4 Nf6 2. c4 g6 3. Nc3 Bg7 4. e4 d6 5. f3 O-O 6. Bg5 c5 7. d5 e6 8. Qd2 exd5
9. cxd5 Re8 (9... a6 10. a4 h6 11. Bxh6 $1 Nxe4 12. Nxe4 Qh4+ 13. g3 Qxh6 14.
Qxh6 Bxh6 15. Nxd6 Nd7 16. Bh3 f5 17. f4 Nb6 18. Nf3 Nxd5 19. Ne5 g5 20. Rd1
Ne3 21. Rd3 Nc2+ 22. Kf2 Nb4 23. Rdd1 $16 {Kelecevic,N-Arbakov,V/Bad Ragaz/
1994/}) 10. Nge2 (10. a4 h6 $1 {/\} 11. Bxh6 $2 Nxe4 12. Nxe4 Qh4+ $15) 10...
a6 11. Ng3 $5 (11. a4 Nbd7 12. Ng3 Qa5 13. Be2 h5 $5 14. O-O Nh7 15. Be3 Qb4
16. Nh1 Ne5 17. Nf2 Bd7 18. Rfc1 b5 19. axb5 axb5 20. Nxb5 Rxa1 21. Rxa1 Qxd2
22. Bxd2 Rb8 23. Ra5 c4 24. Nc3 Rxb2 25. Ra2 Rb3 $10 {Adorjan,A-Vukic,M/
Banjaluka/1983/}) 11... Nbd7 12. Be2 h5 $6 (12... b5 13. a4 b4 14. Nd1 a5 $132)
(12... Qe7 {/\Qf8,h6<=>}) (12... Qa5 13. O-O h5 14. Rfc1 Nh7 15. Be3 Ne5 16. a3
Qd8 17. b4 b6 18. Rab1 h4 19. Nh1 f5 20. Nf2 Nf6 21. bxc5 bxc5 22. Bh6 fxe4 23.
Ncxe4 $14 {Varga,Zo-Apicella,M/Debrecen/1992/}) 13. O-O Qc7 14. f4 $1 Nh7 15.
Bh4 $16 {/\f5,e5->} Bf6 (15... b5 16. e5 dxe5 17. f5 $40) 16. Bxf6 Ndxf6 17. e5
$1 dxe5 18. f5 c4 (18... h4 $5 19. fxg6 fxg6 20. d6 Qg7 21. Nge4 $16) 19. Kh1
b5 (19... h4 20. d6 Qc6 21. fxg6 fxg6 22. Qh6 $1 hxg3 23. Rxf6 $40) 20. Qh6 Qe7
$8 (20... Bxf5 21. Rxf5 $1 gxf5 22. Nxf5 $18) 21. fxg6 fxg6 22. Qxg6+ Qg7 23.
Bxh5 Rf8 (23... Qxg6 24. Bxg6 Rf8 25. Bxh7+ Nxh7 26. Nge4 $18) 24. Rae1 Bg4 (
24... Nxh5 25. Qxh5 Bg4 26. Qxe5 Rxf1+ 27. Nxf1 $18) 25. Qxg7+ Kxg7 26. Bxg4
Nxg4 27. Nf5+ Kg6 28. Nh4+ Kh6 29. Ne4 $18 {o^d} Rxf1+ 30. Rxf1 Rf8 (30... Ne3
31. Nf5+ Nxf5 32. Rxf5 Kg6 33. Rxe5 $18) 31. Nf5+ Kg6 32. d6 $1 Nhf6 (32...
Rxf5 33. Rxf5 Kxf5 34. d7 $18) 33. Ne7+ Kg7 34. Nc5 Rh8 (34... Rf7 35. Ne6+ Kh6
36. d7 $18) 35. h3 Ne3 36. Rf3 Ned5 37. Nxd5 Nxd5 38. Ne6+ Kg6 39. Nf8+ $138 (
39. d7) 39... Rxf8 40. Rxf8 Nb6 41. Rb8 1-0

[Event "Festival comtois 3rd"]
[Site "Belfort"]
[Date "1998.12.14"]
[Round "1"]
[White "Gurevich, Mikhail"]
[Black "Degraeve, Jean Marc"]
[Result "1-0"]
[WhiteElo "2610"]
[BlackElo "2580"]
[Annotator "Stohl,I"]
[PlyCount "81"]
[EventDate "1998.12.14"]
[EventType "tourn"]
[EventRounds "10"]
[EventCountry "FRA"]
[EventCategory "13"]
[SourceTitle "CBM 069"]
[Source "ChessBase"]
[SourceDate "1999.04.01"]
[SourceVersion "1"]
[SourceVersionDate "1999.04.01"]
[SourceQuality "1"]

1. d4 {Kortschnoj} Nf6 2. c4 c5 3. d5 e6 4. Nc3 exd5 5. cxd5 d6 6. e4 g6 7. f3
Bg7 8. Nge2 a6 ({In these lines Black's N belongs on d7, especially after
White has committed his Ng1 to e2 and can't play Nh3-f2 anymore.} 8... Na6 $143
9. Ng3 Nc7 (9... h5 10. Bg5 Nc7 11. Be2 a6 12. a4 Bd7 13. f4 Qb8 14. Bf3 O-O
15. O-O Ng4 16. Qe2 Re8 17. Kh1 b5 18. h3 Nf6 19. Qd2 bxa4 20. e5 Nh7 21. e6
$40 {Abelev,O-Osadchenko,A/Moscow/1997/}) 10. Bg5 h6 11. Be3 Rb8 12. Be2 b5 13.
e5 dxe5 14. Bxc5 Nfxd5 15. Nge4 Bf8 16. Bxa7 Rb7 17. Nxd5 Nxd5 18. Qxd5 Qxd5
19. Nf6+ Kd8 20. Nxd5 Rxa7 21. Bxb5 Bc5 22. O-O-O Bd4 23. a4 Bd7 24. Kb1 Rb7
25. Nb4 Ke7 26. Rhe1 $16 {Gual,A-Martin Gonzalez,A/Ponferrada/1997/}) (8... O-O
9. Ng3 h5 10. Bg5 Qb6 11. Na4 $5 (11. Qb3 Qc7 12. Be2 a6 13. a4 Nh7 14. Be3 Qe7
15. O-O Nd7 16. f4 Bd4 17. Bf2 h4 18. Nh1 g5 $5 19. Qd1 Qf6 20. fxg5 $13 {
1/2,Dreev,A-Topalov,V/Elista olm/1998/}) 11... Qc7 12. Qd2 Ne8 13. Be2 Kh7 14.
Bh4 f6 15. Nf1 f5 16. exf5 Bxf5 17. Ng3 Qf7 18. Nc3 a6 19. Nce4 Be5 20. O-O Qg7
21. Kh1 Nd7 22. Nxf5 gxf5 23. Ng3 f4 24. Nxh5 Qh6 25. g4 Ndf6 26. Bxf6 Nxf6 27.
Ng3 $1 Qh3 28. Nf5 $16 {Khenkin,I-Kozakov,M/Haarlem/1998/}) 9. a4 Nbd7 10. Ng3
h5 $1 $146 {Benoni is a somewhat strategically risky opening, which requires
active play by Black. Therefore this natural novelty is a major improvement.} (
10... Qc7 $143 11. Be2 Rb8 12. Be3 b6 13. O-O O-O 14. Rc1 c4 15. Nb1 b5 16.
axb5 axb5 17. b3 Nb6 18. bxc4 Nxc4 19. Bd4 Ba6 20. Na3 Rfc8 21. Rc2 Qe7 22.
Nxc4 bxc4 23. Qa1 Ra8 24. Rb1 Ne8 25. Bxg7 Nxg7 26. Qd4 $16 {Amura,C-De Pool,T/
Moscow olw/1994/}) (10... O-O 11. Be2 Qc7 12. O-O Re8 13. Bg5 Rb8 14. Qd2 c4
15. Rfc1 b5 16. axb5 axb5 17. b4 cxb3 18. Nxb5 Qb6+ 19. Be3 Bh6 20. Bxb6 Bxd2
21. Rd1 Rxb6 22. Rxd2 Nc5 23. Rb2 Ba6 $2 24. Nc7 $16 {Czerwonski,A-Slanina,M/
Frydek-Mistek/1994/}) 11. Be2 h4 12. Nf1 Nh5 13. f4 $6 {This enterprise
doesn't seem too sound, White starts an attack without finishing his
development. Kortschnoj: 'A rather unusual way to treat this position.'} (13.
g4 $5 Nhf6 (13... hxg3 14. hxg3 Qf6 {'?' Kortschnoj.} (14... Nxg3 $2 {
Kortschnoj} 15. Nxg3 Rxh1+ 16. Nxh1 Qh4+ 17. Kd2 {black does not recapture a
piece...  Now, after weakening pawn e4 white must be ready to sacrifice it.})
15. Be3 $14) 14. Qc2 $13) (13. Be3 Be5 14. Qd2 Qf6 15. Bg5 Qg7 $5 $132 {/\} (
15... Bf4 16. Bxf6 Bxd2+ 17. Nxd2 Nhxf6 18. Nc4 $36) 16. f4 Bd4 17. Bxh4 $2
Nxf4 $1 $17) 13... Qe7 $1 {/\Bc3} 14. e5 $5 {Consistent. '!' Kortschnoj.} (14.
Bf3 f5 $17) (14. Qc2 Bd4 $5 $15 {[%csl Re4] /\Ndf6,><e4}) 14... dxe5 15. d6 Qf6
(15... Qe6 $2 16. f5 $1 Qxf5 17. Nd5 $40) 16. Bxh5 {'!' Kortschnoj.} (16. f5
Nf4 $17) 16... Rxh5 17. f5 $5 {[] '!' Kortschnoj. Kortschnoj: 'White is
playing brlliantly. It looks like not a normal game, but a study!'} Rxf5 (17...
Qxf5 18. g4 hxg3 19. Nxg3 $13) 18. Ne3 Rf4 {Kortschnoj: 'Now black loses an
exchange.'} ({Stohl: Black should return some material, he could have also
sacrificed his Q.This was probably a better chance to fight for an advantage.} 
18... Rh5 $5 19. Rf1 (19. Ne4 Qf4 $17 {Kortschnoj: 'white's task would be more
complicated.'}) (19. Ng4 Qe6 $5 (19... Qd8 20. Nd5 Rb8 21. O-O Rf5 22. Nh6 $40)
20. Nd5 Qxd6 21. Ndf6+ Ke7 $5 22. Qxd6+ Kxd6 23. Ne8+ (23. Nxh5 gxh5 $17) 23...
Ke7 24. Nxg7 Rh7 25. Bg5+ Kf8 26. Bh6 Rxg7 $17) (19. Nc4 {Kortschnoj} Qe6 20.
Nd5 Kf8 {or}) 19... Qe6 20. Ned5 Qxd6 21. Nf6+ Qxf6 $8 (21... Ke7 22. Qxd6+
Kxd6 23. Nxh5 gxh5 24. Rxf7 $16) 22. Rxf6 Nxf6 23. Nd5 (23. Be3 Be6 (23... e4
24. Qd6 $44) 24. Qd6 Rd8 $36) 23... Nxd5 24. Qxd5 e4 25. Bg5 Rxg5 26. Qxg5 Bxb2
27. Rd1 Bf5 $13) 19. Ned5 Qxd6 $8 20. Nxf4 Qxd1+ 21. Kxd1 exf4 22. Re1+ (22.
Bxf4 $143 Nf6 23. Re1+ Be6 $15) 22... Kf8 23. Bxf4 Nf6 24. Bd6+ Kg8 25. Bxc5 {
Kortschnoj: 'White has already material plus,but it is black who has now taken
over an initiative. '} Bg4+ 26. Kc2 Bf5+ 27. Kb3 Be6+ 28. Kb4 $6 {Kortschnoj:
'Or'} (28. Kc2 Bf5+ $11 (28... Ng4 $5 $132)) (28. Ka3 {Kortschnoj} Nd7 29. Bd6
Nb6 30. Kb4 Rc8 {and White needs plenty of luck for to survive.}) 28... a5+ 29.
Kb5 (29. Ka3 Nd7 (29... b6 30. Be7 Re8 31. Bxf6 Bxf6 32. Nd5 Bg7 $44) 30. Be7
Nb6 $36) 29... Bd7+ 30. Kb6 (30. Kc4 $2 Rc8 $17) 30... Bc6 $1 31. Rad1 (31. Bf2
Nd7+ 32. Kc7 Be5+ $17) 31... Bxg2 {'?' Kortschnoj. Kortschnoj: 'Here black
could make a draw:'} ({Very promising was} 31... Nd7+ $142 $5 32. Rxd7 Bxd7 33.
Kxb7 Rc8 $36 (33... Re8 {Kortschnoj} 34. Rxe8+ Bxe8 35. Kb6 (35. Nb5 {or} Bxb2
36. Kb6 Bxb5 37. Kxb5 Bc3 38. Bb6 f5 $1) 35... Bxc3 36. bxc3 Bxa4)) 32. Be7
Ra6+ (32... h3 $5 {/\Ng4|^}) 33. Kc5 h3 {'!?' Kortschnoj.} (33... Bc6 $5 {
Kortschnoj}) 34. Rd6 $2 {'+/-!' Kortschnoj.} (34. Bd6 $5) (34. Rd8+ Kh7 35. Rd6
$5) 34... Rxd6 35. Bxd6 Bf8 $1 {><h2} 36. Bxf8 Kxf8 37. Nd1 g5 $2 $138 (37...
Ng4 38. Ne3 Nxh2 39. Nxg2 (39. Re2 Nf3 40. Nxg2 h2 $1 $19) 39... Nf3 $1 $19)
38. Ne3 Bf3 (38... g4 39. Nxg2 hxg2 40. Rg1 $16) 39. Kd4 Kg7 (39... g4 40. Nf5
$14) 40. Rf1 g4 $2 (40... Bc6 41. Rf5 Kg6 42. Rxa5 $14 {/+/-}) 41. Nf5+ (41.
Nf5+ Kf8 42. Nh4 $18) 1-0

[Event "San Martin"]
[Site "San Martin"]
[Date "1995.??.??"]
[Round "4"]
[White "Quinteros, Miguel Angel"]
[Black "Becerra Rivero, Julio"]
[Result "0-1"]
[WhiteElo "2505"]
[BlackElo "2490"]
[Annotator "Stohl,I"]
[PlyCount "104"]
[EventDate "1995.03.??"]
[EventType "tourn"]
[EventRounds "13"]
[EventCountry "ARG"]
[EventCategory "10"]
[SourceTitle "CBM 048"]
[Source "ChessBase"]
[SourceDate "1995.10.01"]
[SourceVersion "1"]
[SourceVersionDate "1995.10.01"]
[SourceQuality "1"]

1. d4 Nf6 2. c4 g6 3. Nc3 Bg7 4. e4 d6 5. f3 O-O 6. Bg5 c5 7. d5 a6 8. a4 h6 9.
Be3 e6 10. Qd2 exd5 11. cxd5 Re8 12. Nge2 h5 (12... Nbd7 $6 13. Bxh6 $1 Nxe4
14. Nxe4 Qh4+ 15. g3 Qxh6 16. Qxh6 Bxh6 17. Nxd6 Rd8 18. Nc4 b5 19. axb5 Bb7
20. bxa6 Bxd5 21. Nc3 Bxf3 22. Rg1 Nb8 23. Kf2 Bb7 24. a7 Na6 25. Bg2 $16 {
Cebalo,M-Rogic,D/CRO-Cup Pula/1995/}) 13. Nc1 Nbd7 14. Be2 Rb8 (14... Ne5 15.
O-O Nh7 16. h3 f5 17. N1a2 Bd7 18. Kh1 Qe7 19. Rae1 b5 20. exf5 gxf5 21. f4 Ng4
22. Bxc5 dxc5 23. Bxg4 Qf7 24. Bf3 b4 25. Nd1 Nf6 26. Nc1 $14 {Yusupov,
A-Heissler,J/BL 9192/1992/}) (14... Qa5 15. O-O Ne5 16. Ra3 Qc7 17. a5 Nfd7 18.
Na4 b5 19. axb6 Nxb6 20. Nxb6 Qxb6 21. Na2 Qd8 22. b4 c4 23. b5 Bb7 24. b6 Qd7
25. Nc3 $36 {[%csl Gb6,Yd5,Ye4] [+],o^b6,Rodriguez,Am-Quinteros,M/Biel izt/
1985/}) 15. N1a2 $5 (15. O-O Ne5 $5 (15... Qc7 16. Rb1 c4 17. b4 b5 18. axb5
axb5 19. Ra1 Ne5 20. Ra7 Qd8 21. Ra3 Bd7 22. h3 Ra8 23. Rxa8 Qxa8 24. f4 Nd3
25. Nxd3 cxd3 26. Bxd3 $16 {Livshits,R-Wharton,W/Toronto op/1995/}) (15... Nf8
16. N1a2 N6d7 17. Rab1 Qc7 18. Rfc1 b6 19. b4 f5 20. Kh1 Nf6 21. a5 b5 22. bxc5
dxc5 23. Bf4 $16 {Jacobsen,BJ-From,S/Kobenhavn op/1990/}) (15... b6 16. Rb1 Ne5
17. h3 Qc7 18. b3 Nh7 19. f4 Nd7 20. N1a2 Nhf6 21. Qc2 Qb7 22. Bf2 Qc7 23. Rbd1
c4 24. b4 b5 25. a5 $36 {[%csl Yd4,Yd5,Ye4,Ye5,Yf4,Rf6,Rf7,Rg6,Rg7,Rh6,Rh7] [+]
,׻,Kutirov,R-Sabitov,O/Moscow olm/1994/}) 16. N1a2 (16. Rb1 Qa5 17. N1a2 c4
18. b3 cxb3 19. Rxb3 Nfd7 20. Rfb1 Nc5 21. Rb4 Bd7 $13 {1/2-1/2,Rodriguez,
Am-Hergott,D/Moscow olm/1994/}) 16... Nh7 $132 {[%cal Yf7f5] /\f5}) 15... b5 $5
{@} (15... Qa5 $132 {[%cal Rb7b5] /\b5}) 16. axb5 axb5 17. b4 $2 (17. O-O b4
18. Nd1 Ne5 $36 {[%csl Yd4,Yd5,Ye4,Ye5,Ra2] פa2,[+]} (18... Ra8 $5)) (17. Nxb5
$142 $8 Ne5 18. O-O Ba6 19. Nac3 $14) 17... Nxd5 $1 18. Bg5 $8 (18. Nxd5 Bxa1
$17) (18. exd5 cxb4 19. Nxb4 Qh4+ $40) 18... Bf6 (18... N5f6 19. Nxb5 $13) 19.
Bxf6 Qxf6 (19... N5xf6 $5 {/\} 20. Nxb5 d5 $36 {[%csl Re1] עe1,@}) 20. exd5 (
20. O-O $5 Nxc3 21. Nxc3 cxb4 22. Nxb5 b3 $36 {[%csl Gb3] o^b3}) 20... cxb4 21.
Nxb4 Qh4+ 22. Kd1 Qxb4 $40 23. Rb1 Qa5 24. Bxb5 Re7 $1 (24... Ra8 25. Ne4 $132)
25. Bxd7 Rxb1+ 26. Nxb1 Qa1 27. Bxc8 $8 (27. Qc2 Bxd7 $19 {[%cal Rd7a4,Rd7f5]
->,ץf5,Ba4}) 27... Qxb1+ 28. Qc1 Qb3+ 29. Qc2 Qxd5+ 30. Qd2 (30. Kc1 Qa5 $1
$40 {[%cal Re7c7,Ra5a1] ףa1,Rc7-+}) 30... Qb3+ 31. Qc2 Qxc2+ 32. Kxc2 Rc7+ 33.
Kd3 Rxc8 $17 34. Re1 Kg7 35. Re2 Kf6 36. Kd4 (36. Ra2 $142 $17 {[%cal Ya2a7]
צa7}) 36... Rc5 37. Ra2 Re5 38. Rb2 (38. Ra7 $2 Re2) (38. Kd3 $142 $5) (38. h4
Re1 {[%cal Re1h1] ><h4,/\Rh1}) 38... h4 $1 39. Ra2 Kf5 40. Ra7 f6 41. Ra2 (41.
Kd3 Re1 42. Ra5+ Ke6 43. Ra2 Rh1 $19) 41... g5 42. Kd3 Re1 43. Ra5+ Kf4 44.
Ra4+ Ke5 45. g3 h3 $1 {[%csl Rh2] ><h2} (45... hxg3 $2 46. hxg3 $15) 46. Ra2
Rg1 $19 47. Ke3 d5 {[%csl Gd5][%cal Rg1g2] /\Rg2-+,o^d5} 48. f4+ Kf5 49. Rd2
Ke6 50. fxg5 fxg5 51. Re2 (51. Kf3 Rg2 $1 52. Rxg2 g4+ $1 53. Kf2 hxg2 54. Kxg2
d4 55. Kf2 Kd5 $19 {_|_P}) 51... Rg2 52. Re1 (52. Rxg2 hxg2 53. Kf2 g4 {-51.Kf3
}) 52... Kf5 $1 {[%cal Rg2h2,Rf5g4] /\Rh2,Kg4} (52... Rxh2 53. Kf3+ Kf5 54. g4+
$17) (52... Kf5 53. Rh1 Kg4 $22 54. Kd4 Kf3 55. Kxd5 Rd2+ 56. Ke5 Kg2 $19) 0-1